000
00185 a2200097 4500
001
762
100
_a
Levi
245
_a
Radargrammetry
260
_a
_b
Mcgrawhill
_c
090
_c
356
_d
356
942
_a
NUST-CAE
_c
M
_c
28446
999
_c
235835
_d
235835